000
00316 a2200157 4500
001
56397
020
_a
852625622x
040
_c
Anchieta - Pituba
100
_a
Alencar, José de
240
1
0
_a
Iracema
_l
por
245
1
0
_a
Iracema
300
_a
74
362
0
_a
2004
650
4
_a
Ficção brasileira
942
_c
BK
999
_c
56397
_d
56397